Die Sicherheit in der Elektrotechnik. Band 2 : Grundzüge der Errichtungsbestimmungen /

Saved in:
Bibliographic Details
Main Authors: Simon, Jürgen (Author), Sobaczinski, Dieter (Author)
Format: Book
Language:German
Published: Konstanz : Verlag Christiani, 1989
Edition:1.Aufl.
Subjects:
Tags: Add Tag
No Tags, Be the first to tag this record!

MARC

LEADER 00000nam a22000003a 4500
001 stu9396
005 20150617225807.1
008 940303s1989----gw------------------ger-d
020 |a 3-87125-503-3 
040 |a STU  |b slo 
041 0 |a ger 
044 |a gw 
080 |a 621.3-78 
080 |a 349.2 
100 1 |a Simon, Jürgen  |4 aut 
245 1 |a Die Sicherheit in der Elektrotechnik. Band 2 :  |b Grundzüge der Errichtungsbestimmungen /  |c [aut.] Simon,Jürgen; Sobaczinski,Dieter 
250 |a 1.Aufl. 
260 |a Konstanz :  |b Verlag Christiani,  |c 1989 
300 |a 202 s 
650 7 |a bezpečnosť v elektrotechnike  |2 stusub 
650 7 |a pracovné právo  |2 stusub 
700 1 |a Sobaczinski, Dieter  |4 aut 
996 |b E78823  |c E*78823  |l EE05  |s P  |a 0  |w stu9396_0001